Երկեր / (Record no. 7085)
[ view plain ]
| 000 -LEADER | |
|---|---|
| fixed length control field | 00907nam a2200241 a 4500 |
| 001 - CONTROL NUMBER | |
| control field | 000020038 |
| 003 - CONTROL NUMBER IDENTIFIER | |
| control field | AM-YEHGA |
| 005 - DATE AND TIME OF LATEST TRANSACTION | |
| control field | 20250618070816.0 |
| 008 - FIXED-LENGTH DATA ELEMENTS--GENERAL INFORMATION | |
| fixed length control field | 980617s1983 ai |||||||||||||||||arm|d |
| 040 ## - CATALOGING SOURCE | |
| Original cataloging agency | AM-YeHGA |
| 041 0# - LANGUAGE CODE | |
| Language code of text/sound track or separate title | arm |
| 090 ## - LOCALLY ASSIGNED LC-TYPE CALL NUMBER (OCLC); LOCAL CALL NUMBER (RLIN) | |
| -- | 7129 |
| 100 1# - MAIN ENTRY--PERSONAL NAME | |
| Personal name | Հովհաննիսյան, Հովհաննես Մկրտչի, |
| Dates associated with a name | 1864-1929 |
| 9 (RLIN) | 3945 |
| 245 10 - TITLE STATEMENT | |
| Title | Երկեր / |
| Statement of responsibility, etc. | Հովհ. Հովհաննիսյան, Ա. Ծատուրյան ; Կազմ.՝ Օ. Պապոյան. |
| 260 ## - PUBLICATION, DISTRIBUTION, ETC. | |
| Place of publication, distribution, etc. | Երևան : |
| Name of publisher, distributor, etc. | Լույս, |
| Date of publication, distribution, etc. | 1983. |
| 300 ## - PHYSICAL DESCRIPTION | |
| Extent | 240 էջ ; |
| Dimensions | 21 սմ. |
| 440 #0 - SERIES STATEMENT/ADDED ENTRY--TITLE | |
| Title | Դպրոցական գրադարան |
| 9 (RLIN) | 5151 |
| 504 ## - BIBLIOGRAPHY, ETC. NOTE | |
| Bibliography, etc. note | Տողատակի ծանոթագր. |
| 650 14 - SUBJECT ADDED ENTRY--TOPICAL TERM | |
| Topical term or geographic name entry element | Հայ գրականություն |
| 700 1# - ADDED ENTRY--PERSONAL NAME | |
| Personal name | Ծատուրյան, Ալեքսանդր Հովսեփի, |
| Dates associated with a name | 1865-1917 |
| 9 (RLIN) | 1663 |
| 700 1# - ADDED ENTRY--PERSONAL NAME | |
| Personal name | Պապոյան, Օկտյաբրինա Համբարձումի. |
| Relator term | կազմ. |
| Relationship | com |
| 942 ## - ADDED ENTRY ELEMENTS (KOHA) | |
| Koha item type | Գրքեր / Books |
| Koha issues (borrowed), all copies | 1 |
| Withdrawn status | Lost status | Source of classification or shelving scheme | Damaged status | Not for loan | Collection | Home library | Current library | Date acquired | Total checkouts | Total renewals | Full call number | Barcode | Date last seen | Date last checked out | Price effective from | Koha item type | Public note |
|---|---|---|---|---|---|---|---|---|---|---|---|---|---|---|---|---|---|
| Universal Decimal Classification | General | Fundamental Scientific Library | Fundamental Scientific Library | 21/12/2016 | 1 | 1 | AII/68942 | FL0180950 | 25/02/2025 | 25/02/2025 | 21/12/2016 | Գրքեր / Books | 30 Days Loan | ||||
| Universal Decimal Classification | General | Fundamental Scientific Library | Fundamental Scientific Library | 21/12/2016 | AII/69290 | 220069290 | 21/12/2016 | 21/12/2016 | Գրքեր / Books | 30 Days Loan |
ՀՀ Գիտությունների ազգային ակադեմիայի հիմնարար գիտական գրադարան = Fundamental Scientific Library of NAS RA
All site content, except where otherwise noted, is licensed under a